FREIRAUM CITY-Destinationen nach Häufigkeit! - Statistiken

Allgemein
  • Dieses Quiz wurde 16 mal gespielt
  • Das Durchschnittsergebnis liegt bei 5 aus 12
Antwortstatistiken
Anzahl Destination % Korrekt
100 Salzburg
100%
697 Wien
100%
15 Graz
57%
93 Prag
43%
52 Berlin
29%
1 Bratislava
29%
1 Hamburg
29%
1 Innsbruck
29%
4 Krakau
29%
38 München
29%
2 Rom
29%
20 Venedig
29%
Keine übereinstimmenden Quizze gefunden
Verteilung der Resultate
Anzahl Personen mit jedem Resultat
Perzentil nach korrekt beantworteten Fragen
Ihre Resultats-Entwicklung
Sie haben dieses Quiz noch nicht gespielt